000 01262nam a2200361 i 4500
001 14412
003 KOSZ 005
005 20200813132011.0
008 070608s1972 pl a f 001 0 pol
015 _aPB 1972/5512
035 _a(OCoLC)830864302
040 _aWA N
_cWA N
_dKOSZ 005/HR
_dKOSZ 005/RW
046 _k1947
080 _a621.1.01:536.7
080 _a621.56/.59
100 1 _aStefanowski, Bohdan
_d(1883-1976)
_eAutor
245 1 0 _aPodstawy techniki cieplnej /
_cBohdan Stefanowski, Jan Jasiewicz.
250 _aWydanie 6.
260 _aWarszawa :
_bWydawnictwa Naukowo-Techniczne,
_c1972.
300 _a311, [1] stron, [3] karty tablic :
_bilustracje ;
_c25 cm.
336 _aTekst
_btxt
_2rdacontent
337 _aBez urządzenia pośredniczącego
_bn
_2rdamedia
338 _aWolumin
_bnc
_2rdacarrier
380 _aKsiążki.
388 _a1901-2000
504 _aBibliografia na stronie [307]. Indeks.
658 _aInżynieria i technika
650 4 _aTermodynamika techniczna
700 1 _aJasiewicz, Jan.
_eAutor
710 2 _aWydawnictwa Naukowo-Techniczne
_4pbl.
856 _uhttp://koha.tu.koszalin.pl/cgi-bin/koha/opac-detail.pl?biblionumber=14412
_yKatalog online BPK
942 _2UKD
_cKS
999 _c14412
_d14412